Servants for Christ : (Record no. 7274)

MARC details
000 -LEADER
fixed length control field 01443cam a2200277 i 4500
001 - CONTROL NUMBER
control field 3720512
003 - CONTROL NUMBER IDENTIFIER
control field AUA.1
005 - DATE AND TIME OF LATEST TRANSACTION
control field 20121017174322.0
008 - FIXED-LENGTH DATA ELEMENTS--GENERAL INFORMATION
fixed length control field 800623s1980 miu b 000 0 eng
010 ## - LIBRARY OF CONGRESS CONTROL NUMBER
LC control number 80116300
040 ## - CATALOGING SOURCE
Original cataloging agency DLC
Transcribing agency DLC
Modifying agency DLC
050 00 - LIBRARY OF CONGRESS CALL NUMBER
Classification number BX 6127.2
Item number .S36 1980
082 00 - DEWEY DECIMAL CLASSIFICATION NUMBER
Classification number 286.7/3
245 00 - TITLE STATEMENT
Title Servants for Christ :
Remainder of title the Adventist Church facing the '80s /
Statement of responsibility, etc by Gottfried Oosterwall [i.e. Oosterwal] ... [et al.] ; Robert E. Firth, editor.
260 ## - PUBLICATION, DISTRIBUTION, ETC. (IMPRINT)
Place of publication, distribution, etc Berrien Springs, Mich. :
Name of publisher, distributor, etc Andrews University Press,
Date of publication, distribution, etc 1980.
300 ## - PHYSICAL DESCRIPTION
Extent 162 p. :
Other physical details graphs ;
Dimensions 23 cm.
504 ## - BIBLIOGRAPHY, ETC. NOTE
Bibliography, etc Includes bibliographies.
650 #0 - SUBJECT ADDED ENTRY--TOPICAL TERM
Topical term or geographic name as entry element Seventh-Day Adventists
General subdivision Doctrines.
9 (RLIN) 24957
700 1# - ADDED ENTRY--PERSONAL NAME
Personal name Oosterwal, Gottfried.
9 (RLIN) 24958
700 1# - ADDED ENTRY--PERSONAL NAME
Personal name Firth, Robert E.
9 (RLIN) 24959
906 ## - LOCAL DATA ELEMENT F, LDF (RLIN)
a 7
b cbc
c orignew
d u
e ncip
f 19
g y-gencatlg
942 ## - ADDED ENTRY ELEMENTS (KOHA)
Source of classification or shelving scheme Library of Congress Classification
Koha item type Books
Classification part BX 6127.2
Item part .S36 1980
Holdings
Withdrawn status Lost status Source of classification or shelving scheme Damaged status Not for loan Collection code Home library Current library Shelving location Date acquired Source of acquisition Cost, normal purchase price Serial Enumeration / chronology Total Checkouts Total Renewals Full call number Barcode Date last seen Date checked out Copy number Cost, replacement price Price effective from Koha item type
    Library of Congress Classification     Books Judith Thomas Library Judith Thomas Library General Stacks 05/10/2011 Bought by JTL 20.00 AUA001532 1 1 BX 6127.2 .S36 1980 AUA001532 17/10/2012 10/09/2012 3 20.00 05/10/2011 Books
    Library of Congress Classification     Books Judith Thomas Library Judith Thomas Library General Stacks 27/08/2012 Donation, Dr. Russell L. Staples 10.00 AUA009933     BX 6127.2 .S36 1980 AUA009933 27/08/2012     10.00 27/08/2012 Books
    Library of Congress Classification     Books Judith Thomas Library Judith Thomas Library General Stacks 27/08/2012 Donation, Dr. Russell L. Staples 10.00 AUA009934     BX 6127.2 .S36 1980 AUA009934 27/08/2012   2 10.00 27/08/2012 Books
    Library of Congress Classification     Books Judith Thomas Library Judith Thomas Library General Stacks 30/10/2023 Donation, Theological Book Network 15.00 AUA26775     BX 6127.2 .S36 1980 AUA26775 30/10/2023   3 15.00 30/10/2023 Books